Tonka power reading : construction action / written by Victoria Hickle ; illustrated by Isidre Mones & Tom Lapadula.
"From the front loader to the mighty dump truck, construction trucks work hard together to make sure a building goes up"--P. [4] of cover.
Record details
- ISBN: 0439884810
- ISBN: 9780439884815
- Physical Description: 1 v. (unpaged) : color illustrations ; 21 cm.
- Publisher: New York : Scholastic Inc., c2007.
Content descriptions
| General Note: | "With picture clues for early readers"--Cover. "Tonka power reading books use picture clues to help young Tonka fans read along with the story"--P. [4] of cover. "Licensed by Hasbro Properties Group"--P. [4] of cover. |
Search for related items by subject
| Subject: | Earthmoving machinery > Juvenile literature. Dump trucks > Juvenile literature. |
| Genre: | High interest-low vocabulary books. |
Available copies
- 1 of 1 copy available at scottsboropl.
Holds
- 0 current holds with 1 total copy.
Show Only Available Copies
| Location | Call Number / Copy Notes | Barcode | Shelving Location | Status | Due Date |
|---|---|---|---|---|---|
| scottsboropl | E Hic | 32269000802952 | Juvenile - Easy | Available | - |
| LDR | 01405cam a2200313 a 4500 | ||
|---|---|---|---|
| 001 | 130315 | ||
| 003 | CONS | ||
| 005 | 20140703073305.0 | ||
| 008 | 070206s2007 nyua a 000 0 eng d | ||
| 020 | . | ‡a0439884810 | |
| 020 | . | ‡a9780439884815 | |
| 035 | . | ‡a(CPomAG)LMN500341 | |
| 100 | 1 | . | ‡aHickle, Victoria. |
| 245 | 1 | 0. | ‡aTonka power reading : ‡bconstruction action / ‡cwritten by Victoria Hickle ; illustrated by Isidre Mones & Tom Lapadula. |
| 246 | 3 | 0. | ‡aPower reading : ‡bconstruction action |
| 246 | 3 | 0. | ‡aConstruction action |
| 260 | . | ‡aNew York : ‡bScholastic Inc., ‡cc2007. | |
| 300 | . | ‡a1 v. (unpaged) : ‡bcolor illustrations ; ‡c21 cm. | |
| 500 | . | ‡a"With picture clues for early readers"--Cover. | |
| 500 | . | ‡a"Tonka power reading books use picture clues to help young Tonka fans read along with the story"--P. [4] of cover. | |
| 520 | . | ‡a"From the front loader to the mighty dump truck, construction trucks work hard together to make sure a building goes up"--P. [4] of cover. | |
| 500 | . | ‡a"Licensed by Hasbro Properties Group"--P. [4] of cover. | |
| 650 | 0. | ‡aEarthmoving machinery ‡vJuvenile literature. | |
| 650 | 0. | ‡aDump trucks ‡vJuvenile literature. | |
| 655 | 0. | ‡aHigh interest-low vocabulary books. | |
| 700 | 1 | . | ‡aMones, Isidre. |
| 700 | 1 | . | ‡aLaPadula, Tom. |
| 959 | . | ‡i32269000802952 ‡lE Hic ‡aJuvenile - Easy ‡tEasy ‡g14.00 | |
| 852 | . | ‡p32269000802952 ‡jE Hic ‡gJuvenile - Easy ‡cEasy ‡y14.00 ‡bSBPL | |
| 901 | . | ‡a130315 ‡bUnknown ‡c130315 ‡tbiblio | |